| 000 | 00382nam a22001337a 4500 | ||
|---|---|---|---|
| 008 | 230919b |||||||| |||| 00| 0 eng d | ||
| 020 | _a978-1606087985 | ||
| 050 |
_aBX4827 _b.U850L35 |
||
| 100 | _aLaing, John D. | ||
| 245 |
_aIn Jesus' Name : _bEvangelicals and military chaplaincy _cJohn D. Laing |
||
| 260 |
_cResource publications _a2010 |
||
| 300 | _ax, 305p. | ||
| 942 |
_2lcc _cBK |
||
| 999 |
_c20304 _d20303 |
||